000 006060000a22001810004500
041 0 _aSPA
082 0 4 _aG 253.52 T728g
245 1 0 _aLa fatiga de la sociedad moderna : Enfoques psicológicos, médicos y bíblicos / Paul Tournier, Compilador ; Adam F. Sosa, Traductor
260 _aBuenos Aires, Argentina : La Aurora
300 _a101 Pag.
500 _aTítulo original : Fatigue in modern society
650 1 4 _aFATIGA - PSICOLOGIA \ VIDA CRISTIANA
001 1150
942 _cBK
999 _c32487
_d32487
336 _atexto
_btxt
_2rdacontent
337 _2rdamedia
_asin mediación
_bn
338 _2rdacarrier
_avolumen
_bnc